000 01076nam a2200253 a 4500
001 000126785
003 AM-YEHGA
005 20250617122649.0
008 990417s1974 unr||||gr|||||||||0| |d
020 _c
040 _aAM-YeHGA
041 0 _arus
100 1 _aАгарков, Георгий Борисович
245 1 0 _aМорфология дельфинов /
_cГ.Б. Агарков, Б.Г. Хоменко, В.Г. Хаджинский ; Под общ. ред. Г.Б. Агаркова ; АН Украинской ССР, Ин-т зоологии
260 _aКиев :
_bНаукова думка,
_c1974.
300 _a168 с.
650 1 4 _aМлекопитающие или звери. Мамалиология
700 1 _aХоменко, Борис Григорьевич
700 1 _aХаджинский, Валерий Григорьевич
700 1 _aАгарков, Георгий Борисович
_eред.
_4edt
710 2 _aИнститут зоологии АН Украинской ССР
942 _2udc
_cBK
090 _c42839
999 _c42158
_d42158